000 01740cam a2200145 4500500
005 20260322000427.0
041 _afre
042 _adc
100 1 0 _aChristien, Jacqueline
_eauthor
700 1 0 _aRuzé, Françoise
_eauthor
245 0 0 _aSparte
260 _bArmand Colin,
_c2024.
520 _aCet ouvrage se propose de restituer les huit siècles de l’histoire de Sparte, qui vont de la fondation de la cité à sa soumission aux Romains. L’État des Lacédémoniens fut probablement le plus important des États grecs par l’étendue et la richesse de son territoire et par sa puissance militaire, mais son histoire apparaît souvent bien mystérieuse. Cependant, l’abondante historiographie des dernières décennies permet de dépasser la vision mythique d’une cité exclusivement traditionaliste et militarisée.Les auteurs ont souhaité la faire revivre dans tout son dynamisme et restituer une évolution des institutions et des modes de vie longtemps perçus comme figés. L’analyse critique des mythes et des textes, l’exploitation des données archéologiques, la prise en compte de la géographie de l’ensemble du territoire, permettent de saisir concrètement le développement spectaculaire de cette cité jusqu’au début du IVe siècle av. J.-C., puis ses tentatives désespérées pour retrouver sa grandeur perdue et résister à tous ceux, Macédoniens ou Romains, qui cherchèrent à la contrôler. En intégrant les derniers aspects de la recherche, les auteurs espèrent avoir donné une vision novatrice de ce que fut Lacédémone, suscitant nouvelles réflexions et nouvelles approches.
856 4 1 _uhttps://shs.cairn.info/sparte-2e-ed--9782200639662?lang=fr&redirect-ssocas=7080
999 _c1706071
_d1706071